01842cam a2200421 a 45000010011000000030004000110050017000150070003000320080041000350200025000760400020001010820026001211000028001472450054001752600049002293000053002785050364003316500068006956500041007636500037008046500042008416500035008836500063009186500036009816500034010176500030010517000024010817400030011057400046011357400030011817400037012117400037012487400029012857400021013147400023013357400039013587400023013970003773599OSt20260630190003.0ta090909m20099999fr g 6 000 fre  a9782749306568 (v. 4) aSDMbfredQMBND05aBD MAR v.4 222bD742m1 aDouyé, Sylvia,d1973-10aMarie-Lune /cscénario, Douyé; dessin, Yllya. aIssy-les-Moulineaux :bVents d'Ouest,c2009- av. :bprincipalement des ill. en coul. ;c30 cm.0 av. 1. Je dp̌ense donc je suis -- v. 2. Au secours, j'ai perdu ma meilleure amie! -- v. 3. Je suis trop love de lui! -- v. 4. C'est officiel-- je la dťeste! -- v. 5. Help! j'ai la tt̊e l̉'envers -- v. 6. Ne me laisse pas tomber! -- v. 7. Ma nouvelle vie! -- v. 8. Plus moche la vie! -- v. 9. Je nage (presque) dans le bonheur -- v. 10. Retour aux sources 7aMarie-Lune (Personnage fictif : Douy)̌vBandes dessiněs2vmj 7aAdolescentesvBandes dessiněs2vmj 7aMagasinsvBandes dessiněs2vmj 7aConsommationvBandes dessiněs.2vmj 7aRichesvBandes dessiněs2vmj 6aMarie-Lune (Personnage fictif : Douy)̌vBandes dessiněs 6aAdolescentesvBandes dessiněs 6aMagasinagevBandes dessiněs 6aRichesvBandes dessiněs0 aYllya,d1982-eill.0 aJe dp̌ense donc je suis.0 aAu secours, j'ai perdu ma meilleure amie!0 aJe suis trop love de lui!0 aC'est officiel-- je la dťeste!0 aHelp! j'ai la tt̊e l̉'envers.0 aNe me laisse pas tomber!0 aMa nouvelle vie!0 aPlus moche la vie!0 aJe nage (presque) dans le bonheur.02aRetour aux sources